Capitales qui commencent par S - Statistiques

Statistiques générales
  • Ce quiz a été pris 372 fois
    343 depuis la dernière actualisation
  • Le résultat moyen est 10 sur 18
Statistiques - réponses
Capitales % Correct
Stockholm
81%
Santiago
71%
Saint-Marin
67%
Séoul
67%
San Salvador
63%
Sarajevo
62%
Singapour
62%
San José
60%
São Tomé
56%
Sanaa
55%
Sofia
52%
Suva
51%
Saint-Georges
47%
Saint-Domingue
46%
Saint-John's
46%
Skopje
41%
Sri Jayawardenapura Kotte
31%
Sucre
29%
Aucun quiz correspondant
Distribution des résultats
% des personnes avec chaque résultat
Percentile par nombre de réponses
Votre historique - résultats
Vous n’avez pas pris ce quiz depuis la dernière actualisation